Fun with PC storyboard

Bibliographic Details
Main Author: Chua, Chooi See
Format: Book
Published: Kuala Lumpur : Federal Publication , 1990
Subjects:

MARC

LEADER 00000cam a2200000 7i4500
001 0000008633
005 20161123.0
020 |a 9679143945 
040 |a INS 
090 0 0 |a QA76.754   |b C554 1990 
100 1 |a Chua, Chooi See 
245 1 0 |a Fun with PC storyboard   |c Chua Chooi See 
260 |a Kuala Lumpur :   |b Federal Publication ,   |c 1990 
300 |a 85p 
650 0 0 |a Computer sotware 
999 |a 0000023303   |b BOOK   |c Open Shelf   |e Default branch